000 00484nam a2200157 i 4500
001 83200
003 ES-MaACL
005 20230906174806.0
007 t|
008 041115s1970 sp ||||1| spa d
245 0 0 _aReseña estadística provincial
_b: Pontevedra /
_cInstituto Nacional de Estadística.
260 _aMadrid :
_b[s.n.,
_c1970]
300 _aX, 149 p. ;
_c27 cm.
710 2 _aInstituto Nacional de Estadística (España)
_95162
852 _aES-MaACL
_jC-41382
_bR.77064
999 _c83200
_d83200